000 01839nam a2200373 i 4500
001 000017011
003 DO-SdBNP
005 20260305073956.0
007 ta
008 100312s1979 dr r 000 0 spa d
040 _aDO-SdBNP
_bspa
_cBNPHU
_erda
041 _aspa
082 4 _a323.445
_bF363d
_222
100 1 _aFernández, Leonel,
_d1953-
_eautor
_4aut.
_97291
245 1 3 _aEl delito de opinión pública :
_bpapel de la ideología en el derecho de la información /
_cLeonel Fernández Reyna.
264 _aSanto Domingo, República Dominicana :
_bUASD,
_c1979.
300 _a276 páginas ;
_c20 cm.
336 _ardacontent
_btexto
_2txt
337 _ardamedia
_bsin mediación
_2n
338 _ardacarrier
_bvolumen
_2nc
490 1 _aPublicaciones de la Universidad Autónoma de Santo Domingo ;
_v274
490 1 _aEducación y sociedad ;
_v10
504 _aIncluye bibliografía y notas pie de las páginas.
505 0 _gIntroducción --
_tI.- La Opinión Pública:
_tLa noción de opinión pública --
_tLos medios de comunicación de masas --
_tLa formación de la opinión pública --
_tII.- La Libertad de Opinión:
_tLa libertad de opinión: prolegómenos de un derecho --
_tLa libertad de opinión en Santo Domingo --
_tDe la muerte de una libertad al nacimiento de un nuevo derecho --
_tIII.- El Delito de Opinión Pública:
_tLos límites de la libertad de opinión.
590 _aInventariado, 2018/BT
650 4 _aLibertad de información
_937564
650 4 _aMedios de comunicación de masas y opinión pública
_937565
650 4 _aOpinión pública
_9423
650 4 _aDerecho a la comunicación
_937566
830 0 _aPublicaciones de la Universidad Autónoma de Santo Domingo ;
_n274
_937567
830 0 _aEducación y sociedad ;
_n10
_937568
910 _aValidado. Control de calidad. EMS
942 _2ddc
_cLBS1
999 _c16538
_d16538